Đại tướng Võ Nguyên Giáp với chiến dịch Điện Biên Phủ

Nội dung gồm 3 phần. Ph.1: Một số bài viết, tác phẩm của Đại tướng Võ Nguyên Giáp về chiến dịch Điện Biên Phủ lịch sử; Ph.2: Điện Biên Phủ qua những trang hồi ức của Đại tướng Võ Nguyên Giáp; Ph.3: Một số tư liệu về chiến dịch Điện...

Fuld beskrivelse

Đã lưu trong:
Bibliografiske detaljer
Hovedforfatter: Võ, Nguyên Giáp
Format: Bog
Sprog:Undetermined
Udgivet: H. Quân đội Nhân dân 2014
Fag:
Online adgang:http://lrc.tdmu.edu.vn/opac/search/detail.asp?aID=2&ID=20280
Tags: Tilføj Tag
Ingen Tags, Vær først til at tagge denne postø!
Thư viện lưu trữ: Trung tâm Học liệu Trường Đại học Thủ Dầu Một
LEADER 01248nam a2200205Ia 4500
001 TDMU_20280
008 210410s9999 xx 000 0 und d
082 |a 959.704331 
090 |b V400 
100 |a Võ, Nguyên Giáp 
245 0 |a Đại tướng Võ Nguyên Giáp với chiến dịch Điện Biên Phủ 
245 0 |c Võ Nguyên Giáp 
260 |a H. 
260 |b Quân đội Nhân dân 
260 |c 2014 
300 |a 616tr. 
520 |a Nội dung gồm 3 phần. Ph.1: Một số bài viết, tác phẩm của Đại tướng Võ Nguyên Giáp về chiến dịch Điện Biên Phủ lịch sử; Ph.2: Điện Biên Phủ qua những trang hồi ức của Đại tướng Võ Nguyên Giáp; Ph.3: Một số tư liệu về chiến dịch Điện Biên Phủ lịch sử. 
650 |a Võ Nguyên Giáp  |d 1911-2013; Lịch sử  |x Chiến dịch Điện Biên Phủ  |z Việt Nam; Kháng chiến chống Pháp  |x Điện Biên Phủ  |z Việt Nam ; Danh tướng  |z Việt Nam  
856 |u http://lrc.tdmu.edu.vn/opac/search/detail.asp?aID=2&ID=20280 
980 |a Trung tâm Học liệu Trường Đại học Thủ Dầu Một